Bylinný receptár (Record no. 22965)
[ view plain ]
| 000 -LEADER | |
|---|---|
| fixed length control field | 01120nam a2200349 a 4500 |
| 001 - CONTROL NUMBER | |
| control field | 22965 |
| 003 - CONTROL NUMBER IDENTIFIER | |
| control field | SK-KTurca |
| 005 - DATE AND TIME OF LATEST TRANSACTION | |
| control field | 20260513082302.0 |
| 008 - FIXED-LENGTH DATA ELEMENTS--GENERAL INFORMATION | |
| fixed length control field | 250414s1992 xo 0 slo |
| 015 ## - NATIONAL BIBLIOGRAPHY NUMBER | |
| National bibliography number | SNBA1992/11 |
| 020 ## - INTERNATIONAL STANDARD BOOK NUMBER | |
| International Standard Book Number | 8071180653 |
| 035 ## - SYSTEM CONTROL NUMBER | |
| System control number | SNK000012380 |
| 035 ## - SYSTEM CONTROL NUMBER | |
| System control number | urn:nbn:sk:snk-amlkii |
| 035 ## - SYSTEM CONTROL NUMBER | |
| System control number | urn:nbn:sk:snk-am00bna0 |
| 035 ## - SYSTEM CONTROL NUMBER | |
| System control number | BDABFA8F-8F96-4100-863A-FFBF8DAEFD7B |
| 040 ## - CATALOGING SOURCE | |
| Original cataloging agency | SNK |
| Language of cataloging | slo |
| Transcribing agency | SNK |
| Description conventions | AACR2 |
| 041 0# - LANGUAGE CODE | |
| Language code of text/sound track or separate title | slo |
| 044 ## - COUNTRY OF PUBLISHING/PRODUCING ENTITY CODE | |
| MARC country code | xo |
| ISO country code | SK |
| 080 ## - UNIVERSAL DECIMAL CLASSIFICATION NUMBER | |
| Universal Decimal Classification number | 633.88+615.322(035) |
| Edition identifier | 1981 |
| 080 ## - UNIVERSAL DECIMAL CLASSIFICATION NUMBER | |
| Universal Decimal Classification number | 615.322(035) |
| Edition identifier | 1981 |
| 100 1# - MAIN ENTRY--PERSONAL NAME | |
| Personal name | Geiger, Fritz |
| Relationship | aut |
| 245 10 - TITLE STATEMENT | |
| Title | Bylinný receptár |
| Remainder of title | Dôverujte liečivým silám prírody |
| Statement of responsibility, etc. | Fritz Geiger ; Elena Linzbothová |
| 250 ## - EDITION STATEMENT | |
| Edition statement | 1. vyd. |
| 260 ## - PUBLICATION, DISTRIBUTION, ETC. | |
| Place of publication, distribution, etc. | Bratislava |
| Name of publisher, distributor, etc. | Ikar |
| Date of publication, distribution, etc. | 1992 |
| Place of manufacture | Banská Bystrica |
| Manufacturer | Tlačiarne BB |
| 300 ## - PHYSICAL DESCRIPTION | |
| Extent | 103 s., 12,1 AH |
| Other physical details | Tab. Obr. |
| Dimensions | 29 cm |
| 366 ## - TRADE AVAILABILITY INFORMATION | |
| Note | 64 Kčs. |
| 500 ## - GENERAL NOTE | |
| General note | Lit. 11. Slov.-tal. názvy rastlín. Reg. chorôb. 11 zázn. v nem. |
| 700 1# - ADDED ENTRY--PERSONAL NAME | |
| Personal name | Linzbothová, Elena, |
| Dates associated with a name | 1939- |
| Relationship | trl |
| 942 ## - ADDED ENTRY ELEMENTS (KOHA) | |
| Source of classification or shelving scheme | Dewey Decimal Classification |
| Koha item type | Odborná literatúra pre dospelých |
| Suppress in OPAC | No |
| Stav vyradenia | Strata | Poškodenie | Spôsob nadobudnutia | Domovská knižnica | Aktuálna knižnica | Dátum nadobudnutia | Total checkouts | Čiarový kód exemplára | Date last seen | Typ exemplára |
|---|---|---|---|---|---|---|---|---|---|---|
| Dar | Obecná knižnica Turčianska Štiavnička | Obecná knižnica Turčianska Štiavnička | 13.05.2026 | 4738001260 | 13.05.2026 | Odborná literatúra pre dospelých |
